00450nam a2200133Ia 4500008004100000041001200041100001500053245008000068260000600148650000600154942000700160999001700167952013200184221030s9999 xx 000 0 und d aEnglish aD. Johnson 2aA Guide to Microsoft Windows NT Server 4.0 in the Enterprisecby D. Johnson c0 aB cBK c14535d14535 pB 5875l0r2022-10-30 00:00:00w2022-10-30yBK003Print4070aMIETLIBbMIETLIBcBL-, FL-, CUP-0, SH-0, R-0d2012-12-0710HBE